000 00296nam a2200109Ia 4500
008 230907s9999||||xx |||||||||||||| ||und||
082 _a610.28,THI
245 0 _aThin films and coatings in biology /
260 _aSpringer,
_bDordrecht ; | New York :
_c2013
300 _avi, 365 p. :
942 _cBK
999 _c597487
_d597487